| 000 | 00643nam a2200217 a 4500 | ||
|---|---|---|---|
| 005 | 20240419063913.0 | ||
| 008 | 991125s1986 es 000 0 spa u | ||
| 020 | _a8432994111 | ||
| 035 | _aUPN01000000104 | ||
| 049 | _aCG | ||
| 050 | 4 |
_aLB1140 _bS6.3 1986 |
|
| 100 | 1 | _aSpencer, Zane A. | |
| 245 | 1 | 0 |
_a150 Juegos y actividades preescolares / _cZane A. Spencer. |
| 250 | _a4a ed. | ||
| 260 |
_aBarcelona [Esp.] : _bCEAC, _c1986. |
||
| 300 |
_a179 p. : _bil. |
||
| 440 | 0 |
_aEducación y enseñanza. _pBibliotecas escolares |
|
| 650 | 2 |
_aEducación preescolar _vPlanes y programas _99221 |
|
| 650 | 4 |
_aJuegos infantiles _96445 |
|
| 905 | _aLibro | ||
| 999 |
_c104 _d104 |
||